Catalog

Record Details

Catalog Search



Available copies

  • 1 of 1 copy available at LARL/NWRL Consortium.

Current holds

0 current holds with 1 total copy.

Show Only Available Copies
Location Call Number / Copy Notes Barcode Shelving Location Status Due Date
Karlstad LINK Site BLU (Text) 35500004014203 Main Available -

Record details

  • ISBN: 0399152377 (acid-free paper)
  • Physical Description: xii, 288 p. ; 24 cm.
  • Publisher: New York : G.P. Putnam's Sons, 2004, c1978.
Subject: Housewives > Fiction.
Married women > Fiction.
Sexual fantasies > Fiction.
Adultery > Fiction.
LDR 00755cam a2200229 a 4500
00179700
003LARL_NWRL_CONSORTIUM
00520050422000000.0
008040621r20041978nyu 000 1 eng
010 . ‡a2004054462
020 . ‡a0399152377 (acid-free paper)
040 . ‡aDLC ‡cDLC
1001 . ‡aBlume, Judy. ‡0(LARL_NWRL_CONSORTIUM)62304
24510. ‡aWifey / ‡cJudy Blume.
260 . ‡aNew York : ‡bG.P. Putnam's Sons, ‡c2004, c1978.
300 . ‡axii, 288 p. ; ‡c24 cm.
650 0. ‡aHousewives ‡vFiction. ‡0(LARL_NWRL_CONSORTIUM)165660
650 0. ‡aMarried women ‡vFiction. ‡0(LARL_NWRL_CONSORTIUM)166048
650 0. ‡aSexual fantasies ‡vFiction.
650 0. ‡aAdultery ‡vFiction. ‡0(LARL_NWRL_CONSORTIUM)163262
901 . ‡a79700 ‡bISxN ‡c79700 ‡tbiblio

Additional Resources